Gaming Quiz

Random Gaming or Clickable Quiz

Video Game Character Deaths Quiz Stats

Quiz Updated Oct 29, 2012

Challenge
Share
Tweet
Embed
Score 0/17 Timer 04:00
15 Plays Today
% Correct
Lieutenant General Shepherd (Call of Duty: Modern Warfare 2)
68.1%
Aerith (Final Fantasy VII)
65%
Cole Phelps (L.A. Noire)
54.7%
John Marston (Red Dead Redemption)
48.2%
Sniper Wolf (Metal Gear Solid)
46.9%
Solidus Snake (Metal Gear Solid 2: Sons of Liberty)
44%
Maria Santiago (Gears of War 2)
35.9%
Eli Vance (Half Life 2: Episode 2)
35.2%
Andrew Ryan (Bioshock)
34.6%
% Correct
Luis Sera (Resident Evil 4)
34.5%
Cave Johnson (Portal 2)
34.2%
Catalina (Grand Theft Auto 3)
33.2%
Hector LeMans (Grim Fandango)
29.4%
Larry Caul (Walking Dead)
26.9%
Isara Gunther (Valkyria Chronicles)
25.1%
Nicole Brennan (Dead Space)
20%
Jenny Romano (The Darkness)
17%

You're not logged in!

Compare scores with friends on all Sporcle quizzes.
Sign Up with Email
OR
Log In

You Might Also Like...

Show Comments

Extras

Top Quizzes Today


Score Distribution

Your Account Isn't Verified!

In order to create a playlist on Sporcle, you need to verify the email address you used during registration. Go to your Sporcle Settings to finish the process.